00242nam a2200109Ia 4500008004100000100001800041245002100059250000800080260002700088300000900115650000800124191201s2010 xx 000 0 und d aSedra, Adel S 0aMicroelectronics a5th c2010bOxfordaN. delhi aMISC aECE